000 02426nam a22003134i 4500
001 991061739579206706
003 ES-BaIT
005 20260422133902.0
008 260313s2025 spco f 000 0 cat c
020 _a9798294417932
040 _aES-BaIT
_bcat
_erda
_cES-BaIT
080 _a793(09)
100 1 _aÁlvarez Ramos, Marina
_eautor,
_eeditor literari
_9169282
245 1 0 _aHistòria de la dansa :
_buna guia completa per al batxillerat escènic /
_cMarina Álvarez Ramos
264 1 _a[Barcelona] :
_bMarina Álvarez Ramos,
_c2025
300 _a171 pàgines :
_bfotografies (en blanc i negre, en color) ;
_c25 cm
336 _atext
_btxt
_2rdacontent
337 _asense mediació
_bn
_2rdamedia
338 _avolum
_bnc
_2rdacarrier
504 _aBibliografia, webgrafia i podcasts pàgines 164-165
520 _a"Aquest és un llibre sobre dansa. Hi ha pocs llibres sobre dansa si ho comparem amb altres matèries, i encara menys si ho fem amb la resta d’arts.Aquest manual, escrit per la professora Marina Álvarez Ramos, neix amb la voluntat d’omplir aquest buit i d’oferir al professorat i a l’alumnat d’arts escèniques -especialment a aquells que cursen l’assignatura d’Història de la Música i la Dansa a batxillerat- una eina clara, rigorosa i actualitzada per entendre i contextualitzar la dansa dins del seu marc històric i artístic.El llibre segueix el currículum establert a Catalunya per a aquesta matèria i es centra específicament en la part dedicada a la dansa. Amb un llenguatge accessible i un enfocament pedagògic, cada capítol combina teoria, context històric i anàlisi d’obres amb enllaços a vídeos seleccionats; al final del manual s’inclouen models d’examen amb exercicis seguint el format actual de les proves PAU.La seva estructura està pensada per facilitar l’aprenentatge, fomentar l’interès per la dansa i proporcionar una base teòrica sòlida per a l’estudi i la docència. Una obra pensada per a ballarins i ballarines, estudiants, docents i per a qualsevol persona que vulgui aprofundir en el llenguatge de la dansa" -- Lluís del Castillo (XTEC)
650 0 _aDansa
_xHistòria
_2lemac
_967415
650 0 _aDansa
_xEnsenyament
_zCatalunya
_9106664
650 0 _aDansa
_vManuals, guies, etc.
_2lemac
_9138336
650 0 _aEducació secundària postobligatòria
_zCatalunya
_9169283
908 _aCDMAE
940 _aCVA38
942 _2udc
_c1
999 _c137388
_d137388